<?xml version="1.0" encoding="UTF-8"?>
<record
    xmlns:xsi="http://www.w3.org/2001/XMLSchema-instance"
    xsi:schemaLocation="http://www.loc.gov/MARC21/slim http://www.loc.gov/standards/marcxml/schema/MARC21slim.xsd"
    xmlns="http://www.loc.gov/MARC21/slim">

  <leader>00504nam a22001577a 4500</leader>
  <controlfield tag="003">0</controlfield>
  <controlfield tag="005">20231107095553.0</controlfield>
  <controlfield tag="008">230929b        xxu||||| |||| 00| 0 eng d</controlfield>
  <datafield tag="050" ind1=" " ind2=" ">
    <subfield code="a">BF 698</subfield>
    <subfield code="b">.V47 2022</subfield>
  </datafield>
  <datafield tag="100" ind1=" " ind2=" ">
    <subfield code="a">Vergara, Paul Andrei T.</subfield>
  </datafield>
  <datafield tag="245" ind1=" " ind2=" ">
    <subfield code="a">Extroversion and self-control of young adults in the new normal</subfield>
    <subfield code="c">Vergara, Paul Andrei T.</subfield>
  </datafield>
  <datafield tag="260" ind1=" " ind2=" ">
    <subfield code="a">Las Pinas City</subfield>
    <subfield code="b">Southville International School and Colleges</subfield>
    <subfield code="c">C2022</subfield>
  </datafield>
  <datafield tag="300" ind1=" " ind2=" ">
    <subfield code="a">ix, 106pp.</subfield>
    <subfield code="c">28cm.</subfield>
  </datafield>
  <datafield tag="500" ind1=" " ind2=" ">
    <subfield code="a">Extroversion.</subfield>
  </datafield>
  <datafield tag="942" ind1=" " ind2=" ">
    <subfield code="2">lcc</subfield>
    <subfield code="c">TH</subfield>
  </datafield>
  <datafield tag="999" ind1=" " ind2=" ">
    <subfield code="c">365444</subfield>
    <subfield code="d">365444</subfield>
  </datafield>
  <datafield tag="952" ind1=" " ind2=" ">
    <subfield code="0">0</subfield>
    <subfield code="1">0</subfield>
    <subfield code="2">lcc</subfield>
    <subfield code="4">0</subfield>
    <subfield code="a">CL</subfield>
    <subfield code="b">CL</subfield>
    <subfield code="c">THESES</subfield>
    <subfield code="d">2023-09-29</subfield>
    <subfield code="e">DONATION</subfield>
    <subfield code="k">THESES</subfield>
    <subfield code="l">0</subfield>
    <subfield code="o">BF 698 .V47 2022</subfield>
    <subfield code="p">T1212</subfield>
    <subfield code="r">2023-09-29 00:00:00</subfield>
    <subfield code="w">2023-09-29</subfield>
    <subfield code="y">TH</subfield>
  </datafield>
</record>
